000 01416cam a22004214i 4500
003 PE-LiUPU
005 20250731173156.0
008 150623s1971 sp r 000 0 spa d
035 _a(Sirsi) a28997
040 _aPE-LiUPU
_bspa
_cPE-LiUPU
_erda
049 _aPRUA
082 0 4 _a213
_bW55
_221
100 1 _aWhitcomb Jr., John,
_eautor.
245 1 3 _aEl origen del sistema solar /
_cJohn Whitcomb Jr.
264 1 _aBarcelona :
_bClie,
_c1971.
300 _a68 páginas ;
_c18 centímetros
336 _atext
_2rdacontent
337 _aunmediated
_2rdamedia
338 _avolume
_2rdacarrier
505 0 _aLa teoría de la doble revelación -- Falsedades básicas de la teoría -- La edad del sistema solar.
526 _aSEG42
526 _aSEG41
526 _aSEG40
526 _aSEG39
526 _aP94
526 _aP87
526 _aP86
526 _aP85
526 _aP77
526 _aP76
526 _aP35
650 0 4 _aSistema solar.
942 _2ddc
_cBOOK
949 _a213 W55
_wDEWEY
_c1
_i26431
_lCCODEBUL1
_mBUL
_p00.00
_r0
_sY
_tBOOK
_u2015-06-24
_xBIBLIOTECA
_zUNKNOWN
_0COMPRA
_o.STAFF. Colección General
596 _a1
999 _a213 W55
_wDEWEY
_c36305
_i26431
_d36305
_e2017-3-28
_f2021-11-11
_g5
_lCCODEBUL1
_mBUL
_n2
_p30.00
_r0
_sY
_tBOOK
_u2015-6-24
_xTEOLOGIA
_PP35
_0COMPRA
_o.STAFF. Colección Teología
980 _81
_gALBERTO SANCHEZ Responsable de Automatización